000 00313nam a22001457a 4500
005 20160628160210.0
008 160628b xxu||||| |||| 00| 0 eng d
041 _aeng
082 _b10794
245 _aDalal Struct (Mid Cap 4000)
260 _c2008
300 _a425
650 _aManagement
_9241
942 _cBK
999 _c4553
_d4552